00472 2200193 4500001002100000005001500021035002000036245004500056100002200101250000600123856004500129260003600174082000800210084001400218600001000232990001200242990001200254990001200266INLIS00000000000174420250505010845 a0010-05250000361 aSi DUL Anak Jakarta /cAman DT. Mojoindo1 aAman DT. Mojoindo a1 aRuang Baca Umum No Klas 800 ( Rak 3,4,5) aJakarta :bBalai Pustaka,c2000 a813 a813 AMA s 4aFiksi a00.0133 a00.0134 a00.0135